Statistics for Biggest Cities of Countries That Border China

Click here to take the quiz!

General Stats

  • This quiz has been taken 111 times
  • The average score is 14 of 20

Answer Stats

PopulationCity% Correct
26,400,000Delhi
98%
16,900,000Moscow
96%
23,200,000Mumbai
96%
8,250,000Ho Chi Minh City
88%
5,450,000St. Petersburg
88%
10,000,000Chennai
87%
24,300,000Karachi
87%
16,000,000Kolkata
87%
10,200,000Lahore
83%
10,500,000Bangalore
80%
9,000,000Hyderabad
76%
5,150,000Yangon
73%
7,450,000Ahmedabad
69%
3,725,000Kabul
65%
6,100,000Pune
57%
3,525,000Jaipur
49%
3,325,000Lucknow
45%
5,700,000Surat
40%
3,950,000Faisalabad
39%
3,850,000Rawalpindi
33%

Score Distribution

Percentile by Number Answered

Percent of People with Each Score

Your Score History

You have not taken this quiz